000 00516cam a22001457a 4500
008 180718b1963 xxu||||| |||| 00| 0 eng d
082 _aB135x51 G143
100 _aGamble, Sidney D.
245 _aNorth China villages: social, political, and economic activities before 1963
_cby Sidney D. Gamble
260 _aBerkeley
_bUniversity of California Press
_c1963
300 _a352p.
500 _a$7.50
650 _aCommunity life, rural - China (Peoples Republic)
650 _aSociology, Rural -China(Peoples Republic)
999 _c366186
_d366186